000 00711cam a22001935a 4500
001 L156330
008 120514s1818 xxk f 000 0 eng d
035 _a(Sirsi) u156330
041 0 _aeng
100 1 _aWilliams, T.
245 0 4 _aThe law of auctions
_bor, The auctioneer's practical guide; to which is added a comprehensive summary of the law of distress; with an appendix of precedents, and a copious index
_cby T. Williams
250 _aSecond edition
260 _aLondon
_bPrinted for Sherwood, Neely, and Jones
_c1818
300 _axii, 190 p.
_c18 cm.
583 _aCondition reviewed
_c20120620
_lcondition level 2
651 4 _aGreat Britain
_y1707-
690 _aAuctioneering
_96218
942 _n0
999 _c114187
_d114187